FACTORY ORGANIZATION AND MANAGEMENT (Record no. 568675)
[ view plain ]
| 000 -LEADER | |
|---|---|
| fixed length control field | 00279nam a22001217a 4500 |
| 082 ## - DEWEY DECIMAL CLASSIFICATION NUMBER | |
| Classification number | 658.5 ]SAU'F |
| 100 ## - MAIN ENTRY--PERSONAL NAME | |
| Personal name | SAUNDERS, N. F. T |
| 9 (RLIN) | 58481 |
| 245 ## - TITLE STATEMENT | |
| Title | FACTORY ORGANIZATION AND MANAGEMENT |
| 250 ## - EDITION STATEMENT | |
| Edition statement | 3RD |
| 260 ## - PUBLICATION, DISTRIBUTION, ETC. | |
| Place of publication, distribution, etc. | LONDON |
| Name of publisher, distributor, etc. | SIR ISAAC |
| Date of publication, distribution, etc. | 1961 |
| 300 ## - PHYSICAL DESCRIPTION | |
| Extent | 195P |
| 942 ## - ADDED ENTRY ELEMENTS (KOHA) | |
| Koha item type | Book |
| Withdrawn status | Lost status | Damaged status | Not for loan | Permanent Location | Current Location | Shelving location | Date acquired | Total Checkouts | Full call number | Barcode | Date last seen | Price effective from | Koha item type |
|---|---|---|---|---|---|---|---|---|---|---|---|---|---|
| College of Electrical & Mechanical Engineering (CEME) | College of Electrical & Mechanical Engineering (CEME) | General Stacks | 07/17/2017 | 658.5 ]SAU'F | CEME-3046 | 06/28/2021 | 06/28/2021 | Book |
